Veľká Lomnica - pamiatková obnova a adaptácia kaštieľa

Salvato in:
Dettagli Bibliografici
Autore principale: Dulíková, Simona, 1991- (Autore)
Altri autori: Botek, Andrej, 1957- (Relatore della tesi)
Natura: Manoscritto Libro
Lingua:slovacco
Pubblicazione: Bratislava 2015
Soggetti:
Accesso online:http://is.stuba.sk/zp/portal_zp.pl?podrobnosti=112328
Tags: Aggiungi Tag
Nessun Tag, puoi essere il primo ad aggiungerne!!

MARC

LEADER 00000ntm a22000003a 4500
001 stuzp52058
003 SK-STU
005 20210305093659.3
007 ta
008 150427s2015----xo-----f-mn---000-0-slo-d
040 |a STU  |b slo 
041 0 |a slo 
100 1 |a Dulíková, Simona,  |d 1991-  |u 053130  |4 aut  |U FA Fakulta architektúry  |U FAD Fakulta architektúry  |T FA Ústav dejín a teórie architektúry a obnovy pamiatok  |X 68143  |U A3130  |Y 394  |7 A000068143 
242 0 1 |a Veľká Lomnica - restauration and adaptation od manor -house  |y eng 
245 1 0 |a Veľká Lomnica - pamiatková obnova a adaptácia kaštieľa 
260 |c 2015  |a Bratislava 
650 4 |a Velka  |2 slo 
650 4 |a Lomnica  |2 slo 
650 4 |a kaštieľ  |2 slo 
650 4 |a Veľká  |2 eng 
650 4 |a Lomanica  |2 eng 
650 4 |a restauration  |2 eng 
700 1 |a Botek, Andrej,  |d 1957-  |4 ths  |X 351  |7 A000000351 
856 4 |u http://is.stuba.sk/zp/portal_zp.pl?podrobnosti=112328  |u https://opac.crzp.sk/?fn=detailBiblioForm&sid=E75B5E22D326BA6A98A694CFFF20 
SQL |a stuzp52058  |b DDP  |c SLO  |d Veľká Lomnica - pamiatková obnova a adaptácia kaštieľa  |e 68143  |f Dulíková, Simona  |g 053130  |h 351  |i Botek, Andrej  |j 20150604  |k 153  |l 05  |m http://is.stuba.sk/zp/portal_zp.pl?podrobnosti=112328  |n I-ARCH  |o 5.1.1. architektúra a urbanizmus